banner-ar

الجيش العراقى حراس البوابة الشرقية من حرب تشرين اول (اكتوبر) الى حرب الشمال / (Record no. 45055)

MARC details
000 -الفاتح
حقل البيانات ثابتة الطول 00655nam a2200193Ia 4500
008 - عناصر البيانات ثابتة الطول - معلومات عامة
حقل البيانات ثابتة الطول 140319s9999 xx 000 0 ara d
040 ## - مصدر الفهرسة
وكالة الفهرسة الأصلية GCL /
وكالة النسخ GCL
082 04 - رقم تصنيف ديوى العشرى
رقم التصنيف 355.4
رقم المادة ج ج
100 1# - المدخل الرئيسى - إسم شخصى
الإسم الشخصى جمال الغيطانى
245 10 - بيان العنوان
العنوان الجيش العراقى حراس البوابة الشرقية من حرب تشرين اول (اكتوبر) الى حرب الشمال /
بيان المسئوليه,etc جمال الغيطانى
300 ## - الوصف المادى
التعداد 187 ص
490 ## - بيان السلسلة
عنوان السلسلة 100 قصة
رقم المجلد/ التعيين التسلسلي 0
650 04 - المدخل الاضافى بالموضوع-مصطلح موضوعى
مصطلح موضوعي الحرب - معارك
650 04 - المدخل الاضافى بالموضوع-مصطلح موضوعى
مصطلح موضوعي حرب الخليج الاولى
650 04 - المدخل الاضافى بالموضوع-مصطلح موضوعى
مصطلح موضوعي حرب اكتوبر 1973
650 04 - المدخل الاضافى بالموضوع-مصطلح موضوعى
مصطلح موضوعي العراق - الجيش
942 ## - عناصر المدخل الإضافي( كوها)
مصدر التصنيف او مخطط الترفيف Dewey Decimal Classification
Koha [default] item type كتاب
Holdings
حالة التراجع حالة الفقد حالة تلف ليس للاعارة المكان المؤقت الموقع الحالى تاريخ الاكتساب اجمالي اﻻعارات رقم الطلب الباركود تاريخ اخر مشاهدة تاريخ تفعيل السعر نوع وعاء كوها
        مكتبة القاهرة الكبرى مكتبة القاهرة الكبرى 03/26/2014   355.4\ج ج 109997 03/26/2014 03/26/2014 كتاب

Powered By

EGPV